Jeden z dziesięciu 13 - Statystyki

Ogólne statystyki
  • Ten quiz został rozwiązany 35 razy
  • Średni wynik to 23 z 40
Statystyki odpowiedzi
Zagadnienie Odpowiedź % Poprawnych
Tężnie służą do inhalacji czy do kąpieli? Do inhalacji
88%
Jak nazywa się miasto w którym mieszka i walczy ze złem bohater komiksów Batman? Gotham
79%
Sceny z życia którego świętego zostały przedstawione na drzwiach Katedry Gnieźnieńskiej? Św. Wojciecha
79%
Z Warszawy jest bliżej do Talinna czy do Rygi? Do Rygi
76%
Której wojny światowej dotyczy cykl powieści Arnolda Zweiga "Wielka Wojną Białych Ludzi"? I Wojny Światowej
76%
Jak brzmi polska nazwa dokumentu o łacińskiej nazwie "Magna Carta Libertatum"? Wielka Karta Swobód
76%
Islandia, Norwegia czy Szwecja? Który z tych krajów nie zmienia czasu na letni i zimowy? Islandia
73%
Czy odejmowanie jest przemienne? Nie
73%
Boginią której ludzkiej zdolności, w mitologii greckiej była Mnemosyne? Pamięci
73%
Z którego państwa pochodził filozof, fizyk i matematyk Kartezjusz? Z Francji
73%
Hemoglobina jest białkiem czy cukrem? Białkiem
67%
Wzgórze wawelskie leży w lewobrzeżnej czy w prawobrzeżnej części Krakowa? Lewobrzeżnej
67%
Na wszystkich banknotach Euro na jednej stronie znajdują się okna i bramy. A jakie budowle znajdują się na drugiej stronie? Mosty
67%
Egipski bóg słońca, zwany Ra lub Re, był przedstawiany z głową którego zwierzęcia? Ptaka
67%
Jak brzmi angielski tytuł musicalu opartego na sztuce George'a Bernarda Shawa "Pigmalion"? "My Fair Lady"
64%
Który film Akiry Kurosawy jest oparty na sztuce "Makbet" Williama Szekspira? "Tron we krwi"
64%
Ile punktów maksymalnie może znaleźć się na jednym kamieniu w grze w Domino? 12
61%
Czy wszystkie ryby mają pęcherz pławny? Nie
61%
Jak nazywa się nowa pszczela rodzina, która wraz z matką opuszcza gniazdo? Rój
61%
Na którym Oceanie leżą Wyspy Salomona? Na Oceanie Spokojnym
58%
W którym języku pisał XVI-wieczny polski poeta Klemens Janicki? Po łacinie
58%
Który gruczoł produkuje sematotropinę, czyli hormon wzrostu? Przysadka mózgowa
58%
Jak nazywa się przechodzenie gazów bezpośrednio w stan ciekły? Skraplanie
58%
Kto dowodził wojskami polskimi w kampanii przeciw Austrii w 1809 r.? Książę Józef Poniatowski
55%
Czy rakiety tenisowe muszą mieć tę samą wagę? Nie
55%
Odmiana walki wręcz zawierająca elementy judo i zapasów to samba, sambo czy kick-boxing? Sambo
55%
Który polski pisarz i publicysta używał pseudonimu "Cat"? Stanisław Mackiewicz
55%
Czyją córką w mitologii greckiej była Ismena? Edypa i Jokasty
52%
Jak nazywała się utopijna wyspa na którą trafił Mikołaj Doświadczyński, główny bohater powieści Ignacego Krasickiego? Nipu
52%
We wschodniej Afryce znajduje się drugie pod względem głębokości jezioro świata. Jak się nazywa? Tanganika
52%
Podpisanie którego układu w 1938 r. Winston Churchill podsumował słowami "Mieli do wyboru wojnę lub hańbę. Wybrali hańbę a wojnę będą mieli i tak" Układ monachijski
52%
Stratostat jest balonem, samolotem czy sterowcem? Balonem
45%
Podczas którego powstania zginął generał Józef Sowiński? Listopadowego
45%
W którym województwie leży wieś Bóbrka, znana z kopalnii ropy naftowej? W podkarpackiem
45%
W którym wieku powstało obserwatorium astronomiczne w Greenwich w Londynie? W XVII
45%
Hebrajskie imię "Deborah" pochodzi od nazwy pewnego owada. Którego? Pszczoły
39%
W której kości szkieletu człowieka znajdują się dwie wyniosłości zwane "krętarzem większym" i "krętarzem mniejszym"? Na kości udowej
33%
Jak nazywa się dziennikarz i żeglarz, który na jachcie "Polonez" opłynął świat dookoła? Krzysztof Baranowski
30%
Jak nazywał się polski kompozytor, twórca muzyki do filmu "Dracula" Francisa Forda Coppoli? Wojciech Kilar
30%
Kto jest autorem wiersza "Tadeuszek" który kończy się słowami "nie czyń drugiemu, co tobie niemiłe"? Stanisław Jachowicz
18%
Nie znaleziono quizów pasujących do podanych kryteriów
Rozkład punktacji
Procent ludzi z każdym wynikiem
Percentyl według liczby udzielonych odpowiedzi
Twoja historia wyników
Nie rozwiązałeś tego quizu